Responses for show #2669 - Thursday, March 21, 1996

Contestants

Dan McBride, a lawyer and financial analyst originally from Detroit, Michigan

Steve Wang, a graduate student from Chicago, Illinois

Jo Ellen Eppink, a librarian from Sugarland, Texas (whose 1-day cash winnings total $13,401)

[next game >>]

Jeopardy! Round responses

HISTORY
TV & MOVIE TOURISM
DAYS OF THE WEEK
ANIMALS
JEWISH FOOD
COMMON BONDS
    $100 6
Fidel Castro

Jo Ellen
    $100 26
Sylvester Stallone

Steve
    $100 11
(Jo Ellen: What are Saturday and Sunday?)

Sunday

Jo EllenSteve
    $100 12
South America

Steve
    $100 1
Fish

Steve
    $100 17
Boards

Steve
    $200 7
Portugal

Jo Ellen
    $200 27
(D: What is "Ponderosa?")
(A:: I believe "Ponderosa" was the name of the series when it was in reruns.)

"Bonanza"

Jo EllenDan
    $200 22
Monday

Steve
    $200 13
Centipede

Steve
    $200 2
Passover

Jo Ellen
    $200 18
Rolls

Dan
    $300 8
Austria-Hungary

Jo Ellen
    $300 28
Robert Redford

Steve
    $300 23
Wednesday

Dan
    $300 14
Moth

Jo Ellen
    $300 3
Apples

Triple Stumper
    $300 19
Shots

Dan
    $400 9
Captain James Cook

Steve
    $400 29
"The Birds"

Dan
    $400 24
Friday

Dan
    $400 15
Whelks

Triple Stumper
    $400 4
Bread

Jo Ellen
    $400 20
Mats

Dan
    $500 10
Ethiopia

Jo Ellen
    $500 30
"The Waltons"

Jo Ellen
    $1,000 25
Tuesday & Thursday (Tue & Thor)

Dan
    $500 16
Sheep

Steve
    $500 5
Potatoes

Steve
    $500 21
Guards

Dan

Scores at the first commercial break (after clue 15):

Jo Ellen Steve Dan
$1,900 $1,400 $0

Scores at the end of the Jeopardy! Round:

Jo Ellen Steve Dan
$2,600 $2,600 $3,300

Double Jeopardy! Round responses

WORLD FACTS
THE BIBLE
LIBRARIES
FIRST LADIES
MEDICINE
MUSICAL THEATRE
    $200 28
Sahara

Dan
    $200 1
The Flood

Steve
    $200 29
Beijing

Dan
    $200 8
Nancy Reagan

Dan
    $200 30
Intensive Care Unit

Jo Ellen
    $200 13
"Grease"

Dan
    $400 2
Ferdinand & Isabella

Steve
    $400 22
Aaron

Jo Ellen
    $400 18
Independence, Missouri

Dan
    $400 9
Lady Bird Johnson

Jo Ellen
    $400 3
Dr. Benjamin Spock

Steve
    $400 14
(J: What is Maine?)

North Carolina

Jo EllenDan
    $600 4
(J: What is Lake Lucerne?)

Lake Geneva

Jo EllenSteve
    $600 23
(J: What is Amos?)

Acts of the Apostles

Jo Ellen
Triple Stumper
    $600 19
Andrew Carnegie

Jo Ellen
    $600 10
Edith Wharton

Dan
    $600 5
The Mumps

Triple Stumper
    $600 15
Mack Sennett

Triple Stumper
    $3,000 6
Greenland & Iceland

Steve
    $800 24
Leprosy

Steve
    $800 20
Bangladesh

Jo Ellen
    $800 11
Dolley Madison

Jo Ellen
    $800 26
The New England Journal of Medicine

Dan
    $800 16
(D: Who are Antony & Cleopatra?)

Caesar & Cleopatra

Dan
Triple Stumper
    $1000 7
Norway

Dan
    $1,800 27
(D: Who are the Thessalonians?)

The Corinthians

Dan
    $1000 21
Robert & Elizabeth Barrett Browning

Dan
    $1000 12
Warren G. Harding

Dan
    $1000 25
Menninger Clinic

Triple Stumper
    $1000 17
P.G. Wodehouse

Steve

Scores at the end of the Double Jeopardy! Round:

Jo Ellen Steve Dan
$4,200 $9,000 $6,700

[wagering suggestions for these scores]

Final Jeopardy! Round responses

FAMOUS SHIPS
Jo EllenWhat is the Pueblo?
$4,194
DanWhat is the U.S.S. Mayaguez?
$2,400
SteveWhat is the Constitution?
$4,401
USS Pueblo (attacked by North Korea in 1968)

Final scores:

Jo Ellen Steve Dan
$8,394 $4,599 $4,300
2-day champion: $21,795 2nd place: Bush Desk & Seragraph 3rd place: Sansui MS 5944 Mini Component Stereo System

Game dynamics:

Coryat scores:

Jo Ellen Steve Dan
$4,200 $6,800 $8,000
15 R,
4 W
18 R
(including 1 DD),
0 W
19 R
(including 1 DD),
3 W
(including 1 DD)

Combined Coryat: $19,000

The J! Archive is created by fans, for fans. The Jeopardy! game show and all elements thereof, including but not limited to copyright and trademark thereto, are the property of Jeopardy Productions, Inc. and are protected under law. This website is not affiliated with, sponsored by, or operated by Jeopardy Productions, Inc. Join the discussion at JBoard.tv.